La bionda : Colpo doppio /

Guardat en:
Dades bibliogràfiques
Autor principal: Saudelli, Franco
Format: Llibre
Idioma:anglès
Publicat: Roma Comic Art 1986
Etiquetes: Afegir etiqueta
Sense etiquetes, Sigues el primer a etiquetar aquest registre!

MARC

LEADER 00000nam a2200000 4500
001 CDOM0000004756
003 mi
005 20251008172540.0
008 251008b |||||||| |||| 00| 0 eng d
040 |c mi 
100 |a Saudelli, Franco 
245 1 |a La bionda :  |b Colpo doppio /  |c Franco Saudelli 
260 |a Roma  |b Comic Art  |c 1986 
300 |a 64 p.  |b ill.  |c 27 cm. 
942 |2 ddc  |c BK 
952 |0 0  |1 0  |2 ddc  |4 0  |6 B_FIT01SAUDEBIO11  |7 0  |9 7510  |a MI  |b MI  |d 2011-04-29  |i 6141  |l 0  |o B-FIT01-SAUDE-BIO11  |p CDOM6141  |r 2025-07-13 16:28:00  |w 2025-07-13  |x DONO  |y BK 
999 |c 6203  |d 6203